[Event "17th TCh-Eur"]
[Site "Novi Sad SRB"]
[Date "2009.10.23"]
[Round "2"]
[White "Kindermann,S"]
[Black "Cmilyte,V"]
[Result "1/2-1/2"]
[WhiteElo "2529"]
[BlackElo "2477"]
[EventDate "2009.10.22"]

1. e4 c5 2. Nf3 e6 3. c3 Nf6 4. e5 Nd5 5. d4 cxd4 6. cxd4 d6 7. Bc4 Nc6 8.
O-O Be7 9. exd6 Qxd6 10. Nc3 Nxc3 11. bxc3 O-O 12. Re1 b6 13. Ng5 Bxg5 14.
Bxg5 h6 15. Bh4 Na5 16. Bd3 Bb7 17. Qg4 f5 18. Qg6 Bd5 19. Re3 Qd7 20. g4
Qf7 21. gxf5 1/2-1/2

[Event "17th TCh-Eur"]
[Site "Novi Sad SRB"]
[Date "2009.10.24"]
[Round "3"]
[White "Karttunen,M"]
[Black "Sedlak,N"]
[Result "1/2-1/2"]
[WhiteElo "2426"]
[BlackElo "2571"]
[EventDate "2009.10.22"]

1. d4 e6 2. c4 f5 3. g3 Nf6 4. Bg2 c6 5. Nf3 d5 6. O-O Bd6 7. Bf4 Bxf4 8.
gxf4 O-O 9. Nbd2 Nbd7 10. e3 Qe7 11. Qc2 Ne4 12. Rfb1 Ndf6 13. h3 a5 14.
Ne5 Bd7 15. c5 Kh8 16. Nf1 Nh5 17. f3 Neg3 18. Nxg3 Nxg3 19. Qf2 Nh5 20. b4
axb4 21. Rxb4 Bc8 22. a4 Nf6 23. Qh4 Qe8 24. a5 Nd7 25. Nd3 Rf6 26. Rbb1
Qd8 27. Qe1 h6 28. h4 Rf8 29. Ra2 Ra7 30. Rbb2 Kh7 31. Bf1 Qe8 32. Nb4 Nf6
33. Nd3 Nd7 34. Nc1 Qh5 35. Qg3 Rf6 36. Rg2 Rg6 37. Qxg6+ Qxg6 38. Rxg6
Kxg6 39. Nd3 Kf7 40. Nb4 Nb8 41. Kf2 Bd7 42. Ke1 Be8 43. Kd2 Ke7 44. Kc3
Bh5 45. Be2 Kd7 46. Bd1 Kc7 47. Nd3 Nd7 48. Rg2 g6 49. Kb4 Ra8 50. Be2 Ra7
51. Rg1 Ra8 52. Nf2 Nf6 53. Nd3 Nd7 54. Ra1 Ra7 55. Kc3 Ra8 56. Kd2 Ra7 57.
Nb4 Nb8 58. Ke1 Ra8 59. Kf2 Ra7 60. Ra2 Ra8 61. a6 bxa6 62. Bxa6 Ra7 63.
Be2 Rxa2 64. Nxa2 Nd7 65. Bd1 Nf6 66. Ba4 Nd7 67. Nb4 Nb8 68. Nd3 Nd7 69.
Bd1 Kb7 70. Ke2 Ka6 71. Kd2 Ka5 72. Kc3 Ka6 73. Kb4 Kb7 74. Ka5 Ka7 75. Ne1
Kb7 76. Ba4 Nb8 77. Kb4 Nd7 78. Kc3 Kc7 79. Kd2 Kb7 80. Ke2 Kc7 81. Kf2 Kb7
82. Nd3 Kc7 83. Kg3 Kb7 84. Nc1 Kc7 85. Nb3 Kb7 1/2-1/2

[Event "17th TCh-Eur"]
[Site "Novi Sad SRB"]
[Date "2009.10.25"]
[Round "4"]
[White "Kindermann,S"]
[Black "D'Amore,C"]
[Result "1/2-1/2"]
[WhiteElo "2529"]
[BlackElo "2489"]
[EventDate "2009.10.22"]

1. e4 e5 2. Nf3 Nc6 3. Bc4 Bc5 4. d3 Nf6 5. O-O O-O 6. Bb3 Nd4 7. Nxd4 Bxd4
8. c3 Bb6 9. Nd2 d5 10. exd5 Bg4 11. Nf3 Qd6 12. h3 Bh5 13. Bg5 Nxd5 14. g4
Bg6 15. Nh4 f6 16. Nxg6 hxg6 17. Qf3 1/2-1/2

[Event "17th TCh-Eur"]
[Site "Novi Sad SRB"]
[Date "2009.10.30"]
[Round "9"]
[White "Kindermann,S"]
[Black "Kosic,D"]
[Result "1-0"]
[WhiteElo "2529"]
[BlackElo "2495"]
[EventDate "2009.10.22"]

1. e4 e6 2. d4 d5 3. Nc3 Nf6 4. Bg5 dxe4 5. Nxe4 Nbd7 6. Nf3 h6 7. Nxf6+
Nxf6 8. Be3 a6 9. Bd3 b6 10. Qe2 Bb7 11. O-O-O Bd6 12. Ne5 Qe7 13. h4 c5
14. Nc4 Bc7 15. dxc5 bxc5 16. Bd2 Nd5 17. Be4 Rb8 18. g4 Rd8 19. Kb1 Ba8
20. g5 hxg5 21. hxg5 Rxh1 22. Rxh1 Qd7 23. g6 Qe7 24. gxf7+ Qxf7 25. Rg1
Kd7 26. Bd3 Bc6 27. Ba5 Qf6 28. Rg6 Qf7 29. Bxc7 Kxc7 30. Qe5+ Kc8 31. Nd6+
1-0